000 00724nam a2200265Ia 4500
003 OSt
005 20220918174950.0
006 a|||||r|||| 00| 0
007 ta
008 220917b |||||||| |||| 00| 0 eng d
024 _a14,903
037 _cTextual
040 _aARTS
_cARTS
_beng
041 _2eng
_aeng
082 _aO111vN, K8
100 _aLavrin Janko.
_952326
245 0 _aAspects of modernism
_b From wilde to pirande
250 _aRep. ed 1968
260 _aFreeport
_bBooks for Libraries Press
_c1935
300 _a247p.
_ccm.
490 _aEssay index reprint series
650 _aENGLISH LITERATURE
942 _hO111vN, K8
_cTEXL
_2CC
999 _c155364
_d155364